Modelo de demanda energética al año 2015 para el área servida por la CNFL

Збережено в:
Бібліографічні деталі
Автор: Piña Contreras, Gustavo Adolfo
Інші автори: Jiménez Ugalde, Marco Antonio
Формат: Книга
Опубліковано: San José, C.R. 1996
Предмети:
Теги: Додати тег
Немає тегів, Будьте першим, хто поставить тег для цього запису!

MARC

LEADER 00000nam a2200000Ia 4500
003 008056
005 20221231144235.0
008 140114s1996 cr a m 000 ||s d
040 |c cru CEDI 
090 |a TFG 3544 
100 |a Piña Contreras, Gustavo Adolfo  |9 9703 
245 |a Modelo de demanda energética al año 2015 para el área servida por la CNFL 
260 |c 1996  |a  San José, C.R. 
300 |a  ix, [156] hojas : ilustraciones  
500 |a  Tesis (licenciatura en ingeniería eléctrica)--Universidad de Costa Rica. Facultad de Ingeniería. Escuela de Ingeniería Eléctrica 
650 |x CONSUMO DE ENERGIA - COSTA RICA  |9 9705 
700 |9 9704  |a Jiménez Ugalde, Marco Antonio 
942 |c TFG 
999 |c 18929  |d 18929